000 00527nam a22001577a 4500
005 20120202124619.0
008 120202t xxu||||| |||| 00| 0 eng d
020 _a8188951072
_c450.00
035 _aB-228786
040 _aDPL
_bENG
245 _aSuper course in computer science /
260 _aNew Delhi
_bGBD Books
_c2005
300 _avarious pages
_c22 cms.
942 _2ddc
_cEN
_h004
_mGBD
999 _c61813
_d61813